| 000 | 00481nam a2200169Ia 4500 | ||
|---|---|---|---|
| 999 |
_c27236 _d27236 |
||
| 003 | OSt | ||
| 005 | 20201127145430.0 | ||
| 008 | 190216s9999||||xx |||||||||||||| ||und|| | ||
| 040 | _coclc | ||
| 082 |
_a920 _bNAI/K |
||
| 100 |
_aNair, K Gopinathan _96687 |
||
| 245 | 0 |
_aKeraleeya Sastragnanmar / _cK Gopinathan nair |
|
| 260 |
_bPoorna Publications, _aKozhikode; _c1994. |
||
| 300 | _a188p | ||
| 650 | _aPadanam | ||
| 942 |
_cBK _2ddc _h920 _iNAI/K _k920 _mNAI/K |
||